| 000 | 00489nam a22001817a 4500 | ||
|---|---|---|---|
| 003 | NUST - PNEC | ||
| 005 | 20170116180810.0 | ||
| 008 | 150428b xxu||||| |||| 00| 0 eng d | ||
| 020 | _a- | ||
| 040 | _cLIBRARY | ||
| 082 | _a297.26 MUR | ||
| 100 |
_93300 _aMurtaza, Malik Ghulam |
||
| 245 |
_aKhutbat-e-Haram _cDr. Malik Ghulam Murtaza |
||
| 260 |
_aLahore: _bDr. Malik Ghulam Murtaza Trust |
||
| 300 |
_a435 p. : _c22 cm. |
||
| 650 |
_93301 _aIslami talimat _xGeneral |
||
| 942 |
_2ddc _cBK |
||
| 999 |
_c63351 _d63351 |
||